000 00613nam a22001815i 4500
001 165420
003 ES-MaACL
005 20230906213132.0
008 981001s1875 sp |||| | spa d
080 _a171-055.2
100 1 _aSinués, María del Pilar.
_9146793
245 1 3 _aUn libro para las damas :
_bestudios acerca de la educación de la mujer /
_cescritos por María del Pilar Sinués.
260 _aMadrid :
_bA. de Carlos e Hijo,
_c1875.
300 _a392 p. ;
_c23 cm.
650 4 _aMujeres-
_xMoral práctica.
_9154966
752 _aEspaña -
_dMadrid
852 4 _aES-MaACL
_jG-8096
_z- Enc. hol.
999 _c165420
_d165420